Public finance : (Record no. 18231)
[ view plain ]
| 000 -LEADER | |
|---|---|
| fixed length control field | 00619cam a22002172 4500 |
| 001 - CONTROL NUMBER | |
| control field | 0000019430 |
| 003 - CONTROL NUMBER IDENTIFIER | |
| control field | OSt |
| 005 - DATE AND TIME OF LATEST TRANSACTION | |
| control field | 20200224122522.0 |
| 008 - FIXED-LENGTH DATA ELEMENTS--GENERAL INFORMATION | |
| fixed length control field | 101115s xx 000 0 eng d |
| 020 ## - INTERNATIONAL STANDARD BOOK NUMBER | |
| International Standard Book Number | 1285173955 |
| 040 ## - CATALOGING SOURCE | |
| Original cataloging agency | KABU |
| Transcribing agency | KABU |
| 050 #0 - LIBRARY OF CONGRESS CALL NUMBER | |
| Classification number | HJ141 |
| Item number | .H96 2014 c. 1 |
| 100 1# - MAIN ENTRY--PERSONAL NAME | |
| Personal name | Hyman, David N. |
| 245 10 - TITLE STATEMENT | |
| Title | Public finance : |
| Remainder of title | a contemporary application of theory to policy. |
| 250 ## - EDITION STATEMENT | |
| Edition statement | 11th ed. |
| 260 ## - PUBLICATION, DISTRIBUTION, ETC. (IMPRINT) | |
| Place of publication, distribution, etc. | Stamford, USA |
| Name of publisher, distributor, etc. | Cengage Learning |
| Date of publication, distribution, etc. | 2014. |
| 300 ## - PHYSICAL DESCRIPTION | |
| Extent | xvi, 698 p. |
| 650 #0 - SUBJECT ADDED ENTRY--TOPICAL TERM | |
| Topical term or geographic name as entry element | Public finance. |
| 908 ## - PUT COMMAND PARAMETER (RLIN) | |
| Put command parameter | 101115 |
| 942 ## - ADDED ENTRY ELEMENTS (KOHA) | |
| Source of classification or shelving scheme | Library of Congress Classification |
| Koha item type | General Collection |
| Classification part | HJ141 |
| Item part | .H96 2014 c. 1 |
| Withdrawn status | Lost status | Source of classification or shelving scheme | Not for loan | Home library | Current library | Date acquired | Cost, normal purchase price | Total Checkouts | Full call number | Barcode | Date last seen | Date last checked out | Copy number | Price effective from | Koha item type |
|---|---|---|---|---|---|---|---|---|---|---|---|---|---|---|---|
| Library of Congress Classification | Kabarak, Main Campus | Kabarak, Main Campus | 24/02/2020 | 4983.00 | 1 | HJ141 .H96 2014 c. 1 | 028631 | 04/10/2021 | 20/09/2021 | c. 1 | 24/02/2020 | General Collection | |||
| Library of Congress Classification | Kabarak, Main Campus | Kabarak, Main Campus | 24/02/2020 | 4983.00 | 1 | HJ141 .H96 2014 c. 2 | 028632 | 21/09/2021 | 27/08/2021 | c. 2 | 24/02/2020 | General Collection | |||
| Library of Congress Classification | Kabarak, Nakuru City Campus | Kabarak, Main Campus | 24/02/2020 | 4983.00 | 3 | HJ141 .H96 2014 c. 1 | 028777 | 15/03/2025 | 01/03/2025 | c. 1 | 24/02/2020 | General Collection |